000 00320nam a22001337a 4500
008 170706b xxu||||| |||| 00| 0 eng d
020 _a9780131560192
041 _aeng
080 _a82
100 _a22
101 _aGJL
245 _aCOMPLETE BOOK OF EFFECTIVE PERSONAL LETTERS
_cELAINE.R
942 _2udc
_cBK
999 _c19978
_d19978